| 000 | 00384 a2200109 4500 | ||
|---|---|---|---|
| 001 | ART_2917 | ||
| 005 | 20260410161711.0 | ||
| 008 | 260409a | ||
| 245 | 1 | 0 | _aLas etapas del desarrollo económico de un país de producción primaria al promediar el siglo XX |
| 100 | 1 | _aSeers, Dudley | |
| 773 | 0 |
_tDesarrollo económico _g- Vol. 7, Nº 27 (oct./dic. 1967) _wREV1174 |
|
| 999 |
_c16064 _d16064 |
||